000 00508nam a2200181Ia 4500
005 20250508151358.0
008 008 250505s9999 xx 000 0 eng d
037 _aTextual
040 _aFEDL
_beng
_cFEDL
041 _aeng
_2eng
084 _a407.91, MOO
_qFEDL
100 _aMoore-Rinvolucri Mina J
_9759000
245 0 _aOral work in modern languages
260 _aLiverpool
_bThe University Press
_c1953
300 _a62p.
942 _cTEXL
_h407.91, MOO
999 _c1329390
_d1329390